000 01044nam a22002297a 4500
999 _c5226
_d5226
003 AR-CdUCM
008 190312b ||||| |||| 00| 0 spa d
040 _aMUNICIPALIDAD PROVINCIAL DEL CUSCO
_cBIBLIOTECA MUNICIPAL DEL CUSCO
082 _25ed.
_a947.084 /
_bL44
100 _aLenin, Vladimir Ilich
_92193
245 _aMaterialismo y Empiriocriticismo /
260 _aMoscú :
_bProgreso ;
_c1979.
300 _a422 páginas ;
_c21cm
440 _aColección Lenin
_915842
505 _aContenido: Teoría del conocimiento del empiriocriticismo y la del materialismo dialéctico I -- Teoría del conocimiento del empiriocriticismo y la del materialismo dialéctico II -- Teoría del conocimiento del empiriocriticismo y la del materialismo dialéctico III -- Los filósofos idealistas como compañeros de armas y sucesores de empiriocriticismo...
650 _aEmpiriocriticismo
_915843
650 _aMaterialismo dialéctico
_96846
650 _aConocimiento
_95704
650 _aMarxismo
_924
942 _2ddc
_cLIBROS
945 _anom